书目信息 |
| 题名: |
新·零极限
|
|
| 作者: | 乔·维泰利著= At zero : the final secrets to "zero limits" the quest for miracles through ho'oponopono / Joe Vitale ;彭展 译 | |
| 分册: | ||
| 出版信息: | 北京 中国青年出版社 2015.01 |
|
| 页数: | 268页 | |
| 开本: | 20cm | |
| 丛书名: | ||
| 单 册: | ||
| 中图分类: | R749.055 | |
| 科图分类: | ||
| 主题词: | 精神病学 | |
| 电子资源: | ||
| ISBN: | 7-5153-2810-X | |
| 000 | 01017nam0 2200205 450 | |
| 001 | 1859105336 | |
| 005 | 20191127111710.10 | |
| 010 | @a7-5153-2810-X@dCNY33.00 | |
| 100 | @a20181106d2015 km y0chiy0120 ea | |
| 101 | 0 | @achi |
| 102 | @aCN@b110000 | |
| 200 | 1 | @a新·零极限@Axin·ling ji xian@f(美) 乔·维泰利著= At zero : the final secrets to "zero limits" the quest for miracles through ho'oponopono / Joe Vitale ; 彭展译@F(mei)qiao·wei tai li zhu=At zero:the final secrets to"zero limits"the quest for miracles through ho'oponopono/Joe Vitale;peng zhan yi |
| 210 | @a北京@c中国青年出版社@d2015.01 | |
| 215 | @a268页@d20cm | |
| 606 | 0 | @a精神病学 |
| 690 | @aR749.055@v4 | |
| 701 | 0 | @a乔·维泰利著= At zero : the final secrets to "zero limits" the quest for miracles through ho'oponopono / Joe Vitale@Aqiao·wei tai li zhu=At zero:the final secrets to"zero limits"the quest for miracles through ho'oponopono/Joe Vitale |
| 702 | 0 | @a彭展@Apeng zhan@4译 |
| 801 | 0 | @aCN@bMUSE@c20181106 |
| 905 | @aMUSE@dR749.055@eQ349 | |
| 新·零极限/(美) 乔·维泰利著= At zero : the final secrets to "zero limits" the quest for miracles through ho'oponopono / Joe Vitale ; 彭展译.-北京:中国青年出版社,2015.01 |
| 268页;20cm |
| ISBN 7-5153-2810-X:CNY33.00 |
| ● |
| 相关链接 |
|
|
|
正题名:新·零极限
索取号:R749.055/Q349
 
预约/预借
| 序号 | 登录号 | 条形码 | 馆藏地/架位号 | 状态 | 备注 |
| 1 | 1234547 | 212345470 | 自科库401/401自科库 21排2列3层/ [索取号:R749.055/Q349] | 在馆 |